000
00297nam a22001337a 4500
008
170421b xxu||||| |||| 00| 0 eng d
020
_a
2900130945005
041
_a
eng
080
_a
573
100
_a
11
101
_a
SHM
245
_a
UNDERSTANDING BIOTECHNOLOGY
_c
ACQUAAH, G
942
_2
udc
_c
BK
999
_c
11522
_d
11522